000 00830nam a22002177a 4500
999 _c9362
_d9362
003 AR-CdUCM
008 190327b ||||| |||| 00| 0 spa d
040 _aMUNICIPALIDAD PROVINCIAL DEL CUSCO
_cBIBLIOTECA MUNICIPAL DEL CUSCO
082 _a860.8 /
_bSA15
245 _aSiete Poetas Contemporáneos /
260 _aMadrid :
_bTaurus Ediciones S. A. ;
_c1959.
300 _a220 páginas ;
_c18cm
440 _aSer y Tiempo - Temas de España
_n8
_925505
505 _aContenido: Antonio Machado -- Juan Ramón Jimenez -- Pedro Salinas -- Jorge Guillén -- Vicente Aleixandre -- Federico García Lorca -- Rafael Alberti
650 _aPoetas españoles
_92813
650 _aPoesía
_9139
650 _aLiteratura contemporánea
_9759
700 _aSahagún, Carlos (recopilador)
_925506
942 _2ddc
_cLIBROS
945 _anom